| 000 | 00420nam a22001697a 4500 | ||
|---|---|---|---|
| 005 | 20231011181955.0 | ||
| 008 | 231011b |||||||| |||| 00| 0 eng d | ||
| 020 | _a9781446267219 | ||
| 082 | _bDAW-M | ||
| 100 | _aDawson,Patrick | ||
| 245 | _aManaging Change, Creativity and Innovation | ||
| 260 |
_aIndia _bSage _c2014 |
||
| 300 | _a428 | ||
| 500 | _aInclude Index | ||
| 650 | _aEconomics | ||
| 700 | _aPatrick Dawson | ||
| 999 |
_c33866 _d33866 |
||